000 00960nam a2200229 i 4500
001 101306
003 ES-MaACL
005 20250927134913.0
007 t|
008 051017m19251926sp ||||1| spa d
100 1 _aMayer, Ernst.
_979348
245 1 0 _aHistoria de las Instituciones Sociales y Políticas de España y Portugal durante los siglos V a XIV /
_cpor Ernesto Mayer; [traducción de Galo Sánchez].
260 _aMadrid :
_bAnuario de Historia del Derecho Español,
_c1925-26.
300 _a2 v. ;
_c25 cm.
490 1 _aAnuario de Historia del Derecho Español
500 _aPrecede al tít.: Junta para Ampliación de Estudios e Investigaciones Científicas.
700 1 _aSánchez, Galo,
_d1892-1969
_9102368
710 2 _aJunta para la Ampliación de Estudios e Investigaciones Científicas.
_95413
830 0 0 _aAnuario de historia del derecho español
_9184601
852 _aES-MaACL
_jB-13019-20
999 _c101306
_d101306